00631nam a2200205 a 450000100060000000300080000600500170001400800410003103500190007204000320009104100080012308200290013110000270016024500820018725000120026926000490028130000260033050400410035665000280039746680BD-RjUL20211209054205.0160803s1967 bg l 000 0 eng  a(BD-RjUL)46799 aDLCcDLCdDLCdBD-RjULbeng aeng 223a347.995491bCHC 1967 aChowdhury, Obaidul Huq14aThe Conciliation Courts Ordinance, 1961 (with rules) /cObaidul Huq Chowdhury a4th ed. aDacca :bThe Dacca law reports office,c1967 a[6], 120 p. ;c20 cm. aIncludes bibliographical references. 0aConciliationzPakistan.